| 000 | 01092cam a2200229 4500 | ||
|---|---|---|---|
| 001 | WB3821-20 | ||
| 008 | 020611n2002 000 0 eng u | ||
| 035 | _a(Sirsi) u118351 | ||
| 245 | _aRating appeals guidance note update | ||
| 260 | _c2002 | ||
| 490 |
_aRICS Valuation Faculty News _v07 June 2002 (1) |
||
| 520 | _aUpdate of "RICS rating appeals guidance note 2nd edition April 2002" following the coming into force of the "Non-Domestic Rating (Alteration of Lists and Appeals) (Amendments) (England) Regulations 2002". http://www.rics.org/ricscms/bin/show?class=News&template=/includes/shownews.html&id=2715. Amendments available http://www.rics.org/downloads/lya1-07-06-2002.pdf. Regulations available http://www.hmso.gov.uk/si/si2002/20020498.htm | ||
| 590 | _aWB | ||
| 650 | _aRATING APPEALS | ||
| 650 | _aNON-DOMESTIC RATING | ||
| 650 | _aRATING | ||
| 650 | _aVALUATION OFFICE | ||
| 650 |
_aValuation _96273 |
||
| 650 | _aNON-DOMESTIC RATING (ALTERATION OF LISTS AND APPEALS) (AMENDMENTS) (ENGLAND) REGULATIONS 2002 | ||
| 690 | _aRATING AND LOCAL TAXATION | ||
| 942 | _n0 | ||
| 999 |
_c70446 _d70446 |
||